Gefangenenraten im internationalen und nationalen Vergleich: Entwicklungen und Erklärungsansätze

Gefangenenraten werden häufig als Indikator der Punitivität in einer Gesellschaft gewertet. Sie variierten 2015 in Europa zwischen 45-71 pro 100.000 Einwohner in denskandinavischen Ländern und mehr als 200 bis zu 445 in einigen osteuropäischenLändern, insbesondere Russland. In den letzten 25 Jahren...

Full description

Saved in:  
Bibliographic Details
Authors: Dünkel, Frieder 1950- (Author) ; Geng, Bernd 1954- (Author) ; Harrendorf, Stefan 1976- (Author)
Format: Print Article
Language:German
Published: 2021
In: Freiheit wagen - Alternativen zur Haft
Year: 2021, Pages: 18-52
Check availability: HBZ Gateway
Keywords:

MARC

LEADER 00000caa a2200000 c 4500
001 1786588765
003 DE-627
005 20260326145747.0
007 tu
008 220120s2021 xx ||||| 00| ||ger c
020 |a 9783784133621 
035 |a (DE-627)1786588765 
035 |a (DE-599)KXP1786588765 
040 |a DE-627  |b ger  |c DE-627  |e rda 
041 |a ger 
084 |a 2,1  |2 ssgn 
100 1 |a Dünkel, Frieder  |d 1950-  |e VerfasserIn  |0 (DE-588)121514056  |0 (DE-627)081357060  |0 (DE-576)160794080  |4 aut 
109 |a Dünkel, Frieder 1950- 
245 1 0 |a Gefangenenraten im internationalen und nationalen Vergleich  |b Entwicklungen und Erklärungsansätze  |c Frieder Dünkel, Bernd Geng, Stefan Harrendorf 
264 1 |c 2021 
300 |b Illustrationen, Diagramme 
336 |a Text  |b txt  |2 rdacontent 
337 |a ohne Hilfsmittel zu benutzen  |b n  |2 rdamedia 
338 |a Band  |b nc  |2 rdacarrier 
520 |a Gefangenenraten werden häufig als Indikator der Punitivität in einer Gesellschaft gewertet. Sie variierten 2015 in Europa zwischen 45-71 pro 100.000 Einwohner in denskandinavischen Ländern und mehr als 200 bis zu 445 in einigen osteuropäischenLändern, insbesondere Russland. In den letzten 25 Jahren gab es teilweise entgegengesetzte Entwicklungen. Deutlichen Anstiegen in etlichen west- und auch osteuropäischen Ländern steht ein Rückgang oder eine stabile Entwicklung in ebenso vielen anderen Ländern gegenüber. Der Beitrag erörtert einige Erklärungsansätze, die vor allem mit der Entwicklung der kriminalpolitischen Orientierung (Verschärfung von Strafgesetzen, der Strafzumessung etc.) zusammenhängen, ggf. aber auch auf gesamtgesellschaftlichen und politikwissenschaftlichen Faktoren beruhen können. Der skandinavische Exzeptionalismus findet sich in Teilen auch in anderen Ländern. Bemerkenswert ist der aktuelle drastische Rückgang von Gefangenenraten in Russland. Perspektiven der weiteren Entwicklung können in einer moderaten Kriminalpolitik skandinavischer, aber auch deutscher Prägung gesehen werden, die auf Front-door-(vermehrte Anwendung von Alternativen zur Freiheitsstrafe sowie Absenkung des Strafmaßes) wie auch Back-door-Strategien (vermehrte und frühzeitigere bedingte Entlassung) setzt. 
689 0 0 |d g  |0 (DE-588)4011882-4  |0 (DE-627)104704861  |0 (DE-576)208896155  |a Deutschland  |2 gnd 
689 0 1 |d s  |0 (DE-588)4120509-1  |0 (DE-627)104262591  |0 (DE-576)209535695  |a Internationaler Vergleich  |2 gnd 
689 0 2 |d s  |0 (DE-588)4057808-2  |0 (DE-627)106149415  |0 (DE-576)20912377X  |a Strafvollzug  |2 gnd 
689 0 3 |d s  |0 (DE-588)4057788-0  |0 (DE-627)104540796  |0 (DE-576)209123710  |a Strafgefangener  |2 gnd 
689 0 4 |d s  |0 (DE-588)4033181-7  |0 (DE-627)106258575  |0 (DE-576)20900052X  |a Kriminalpolitik  |2 gnd 
689 0 5 |d s  |0 (DE-588)4018332-4  |0 (DE-627)104222239  |0 (DE-576)208923853  |a Freiheitsstrafe  |2 gnd 
689 0 6 |d s  |0 (DE-588)4157233-6  |0 (DE-627)104642343  |0 (DE-576)209832843  |a Gewaltdelikt  |2 gnd 
689 0 7 |d s  |0 (DE-588)4145118-1  |0 (DE-627)105593303  |0 (DE-576)209739002  |a Bewährungszeit  |2 gnd 
689 0 |5 (DE-627) 
700 1 |a Geng, Bernd  |d 1954-  |e VerfasserIn  |0 (DE-588)1045805041  |0 (DE-627)775143596  |0 (DE-576)399264574  |4 aut 
700 1 |a Harrendorf, Stefan  |d 1976-  |e VerfasserIn  |0 (DE-588)133246019  |0 (DE-627)587794690  |0 (DE-576)301293228  |4 aut 
773 0 8 |i Enthalten in  |t Freiheit wagen - Alternativen zur Haft  |d Freiburg im Breisgau : Lambertus, 2021  |g (2021), Seite 18-52  |h 199 Seiten  |w (DE-627)1772101664  |z 9783784133621  |z 3784133622  |7 nnam 
773 1 8 |g year:2021  |g pages:18-52 
951 |a AR 
ELC |b 1 
ORI |a WA-MARC-krimdok_oa001.raw 
TIM |a 100019901003_100020261231  |b 1990-10-03 - 2026